Statistiken für Geographie nach Buchstaben - J

Klicken Sie hier um das Quiz zu spielen!

Allgemein

  • Dieses Quiz wurde 252 mal gespielt
  • Das Durchschnittsergebnis liegt bei 12 aus 20

Antwortstatistiken

HinweisAntwort% Korrekt
Ursprungsinsel der Reggae-MusikJamaika
98%
日本Japan
95%
Stadt DavidsJerusalem
88%
Religion, die der Thora folgtJudentum
88%
Größte Stadt in SüdafrikaJohannesburg
87%
Musikstil, der seinen Ursprung in New Orleans hatJazz
86%
Thüringer Stadt, 50 km östlich von ErfurtJena
82%
Fluss, der das Tote Meer verbindet und der See GenezarethJordan
82%
Turins Fußballmannschaft der Serie A, abgesehen vom Torino FCJuventus
80%
Französische Version des Namens JohannesJean
67%
Dänemarks größte HalbinselJutland
66%
Größte der KanalinselnJersey
56%
Größte J-Insel der Welt, in AsienJava
53%
Großstadt in FloridaJacksonville
43%
Hauptstadt des SüdsudanJuba
41%
Früher Batavia, umbenannt 1949 bei der Unabhängigkeit des LandesJakarta
39%
Hauptstadt AlaskasJuneau
37%
Dritter Berg eines "Trimvirats", zusammen mit Eiger und MönchJungfrau
30%
Gewaltfreie indische ReligionJainismus
8%
Touristenstadt in Rajasthan mit Festungen und TempelnJodhpur
7%

Verteilung der Resultate

Perzentil nach korrekt beantworteten Fragen

Anzahl Personen mit jedem Resultat

Ihre Resultats-Entwicklung

Sie haben dieses Quiz noch nicht gespielt